Vista normal Vista MARC

Entrada Personal Name

Número de registros utilizados en: 1

001 - CONTROL NUMBER

  • control field: 11148

003 - CONTROL NUMBER IDENTIFIER

  • control field: OSt

005 - DATE AND TIME OF LATEST TRANSACTION

  • control field: 20201002143925.0

008 - FIXED-LENGTH DATA ELEMENTS

  • fixed length control field: 201002|| aca||aabn | a|a d

040 ## - CATALOGING SOURCE

  • Original cataloging agency: OSt
  • Transcribing agency: OSt

100 ## - HEADING--PERSONAL NAME

  • Personal name: Bello, Andrés,
  • Dates associated with a name: 1781-1865
  • General subdivision: crítica e interpretación

670 ## - SOURCE DATA FOUND

  • Source citation: Work cat.: (OSt)3814: Cacua Prada, Antonio, autor 10932, Andrés Bello : , 1994